| 000 | 00384nam a22001697a 4500 | ||
|---|---|---|---|
| 005 | 20160628145151.0 | ||
| 008 | 160628b xxu||||| |||| 00| 0 eng d | ||
| 020 | _a978-1-4053-0100-8 | ||
| 041 | _aeng | ||
| 082 | _b10609 | ||
| 100 |
_aOvery, Ronald _91827 |
||
| 245 | _aFrench in three months | ||
| 260 |
_bHuge _c1987 |
||
| 300 | _a254 | ||
| 650 |
_aManagement _9241 |
||
| 942 | _cBK | ||
| 999 |
_c4483 _d4482 |
||